00543 2200193 4500001002100000005001500021035002000036245007300056100002600129300002500155260003300180082001000213084001600223990002200239990002200261990002200283990002200305990002200327INLIS00000000000086420220818080957 a0010-08220000561 aKUMPULAN CERITA RAKYAT NUSANTARA :bDONGENG-LEGENDA-FABEL-MITOS-EPOS0 aYUDHISTIRA IKRANEGARA a128 :bilus ;c21 Cm aSurabaya :bDUA MEDIA,c2009 a398.2 a398.2 YUD k a3120-1/BBTIV/2021 a3120-2/BBTIV/2021 a3120-3/BBTIV/2021 a3120-4/BBTIV/2021 a3120-5/BBTIV/2021